000 01187nam a22003617a 4500
003 CHAP
005 20220329135622.0
008 971013s1958 r 00010 d
010 _a39408
011 _a40380
035 _a44505
040 _cCHAP
082 _a338.0183
_bF5Y
100 0 0 _aFigueroa Martínez, Emilio de.
_940822
245 _aHegemonía y declinación de Europa
260 _aMadrid :
_bAguilar,
_c1958
300 _a188 p.
490 _aBiblioteca de ciencias sociales. Sección economía
590 _aBATCH-UPD
_b10
_c20130110
_lUCH01
_h0254
590 _aBATCH-UPD
_b10
_c20130110
_lUCH01
_h1601
590 _aBATCH-UPD
_b10
_c20130409
_lUCH01
_h2325
590 _aBATCH-UPD
_b10
_c20130410
_lUCH01
_h1411
590 _aBATCH-UPD
_b10
_c20130914
_lUCH01
_h0618
590 _aCONVERSION
_b10
_c20130109
_lUCH01
_h1322
650 1 4 _aEuropa
_xHistoria.
_938870
650 1 4 _aIndustria
_xEuropa.
_957738
650 1 4 _aIndustria
_xHistoria.
_957742
650 1 4 _aIndustrialización.
_957923
830 0 _aBiblioteca de ciencias sociales. Sección economía
_912289
901 _aBK
942 _cLIBRO
949 _a338.0183 F5Y
_bBC
_cLIBRO
_d-101899
_eLIBRO
_h37858
_i44505
_si
999 _c39408
_d39408